Normal view MARC view
  • Batalla Zepeda, María Agustina

Entry Nombre Personal

Number of records used in: 11

001 - NUMERO DE CONTROL

  • campo de control: 37289

003 - IDENTIFICADOR DE NUMERO DE CONTROL

  • campo de control: DLC

005 - FECHA Y HORA DE LA ÜLTIMA TRANSACCIÓN

  • campo de control: 20220525130342.0

008 - DATOS DE LONGITUD FIJA

  • campo de control de longitud fija: 220525n| acannaabn |a aaa c

010 ## - NÚMERO DE CONTROL DE LA BIBLIOTECA DEL CONGRESO

  • Número de control LC: no2008124319

035 ## - NUMERO DE CONTROL

  • Número de control: (OCoLC)oca07861070

040 ## - FUENTE DE CATALOGACIÓN

  • Agencia original de catalogación: MXMxUNAM
  • Lenguaje de catalogación: eng
  • Agencia de transcripción: MXMxUNAM
  • Agencia que lo modifica: MX-MxUPN

100 1# - ENCABEZAMIENTO - NOMBRE PERSONAL

  • Nombre personal: Batalla Zepeda, María Agustina

400 1# - VEÁSE - NOMBRE DE PERSONA

  • Personal name: Batalla Cepeda, Ma. Agustina
  • Fuller form of name: (María Agustina)

400 1# - VEÁSE - NOMBRE DE PERSONA

  • Personal name: Batalla Zepeda, Ma. Agustina
  • Fuller form of name: (María Agustina)

400 1# - VEÁSE - NOMBRE DE PERSONA

  • Personal name: Batalla Cepeda, María Agustina

670 ## - FUENTE EN LA QUE SE LOCALIZARON DATOS

  • Cita de la fuente: Biología 1, 1980:
  • Información localizada: portada (María Agustina Batalla Zepeda)

670 ## - FUENTE EN LA QUE SE LOCALIZARON DATOS

  • Cita de la fuente: Didáctica de las ciencias biológicas, 1969:
  • Información localizada: portada (Ma. Agustina Batalla Cepeda) cubierta (Ma. Agustina Batalla Zepeda)

670 ## - FUENTE EN LA QUE SE LOCALIZARON DATOS

  • Cita de la fuente: Didáctica de las ciencias biológicas, 1968:
  • Información localizada: portada (Ma. Agustina Batalla Zepeda) cubierta (Ma. Agustina Batalla Zepeda)

902 ## - CATALOGADOR

  • Catalogador: VRC/250522